[Event "Paul Keres Memorial-U20 Girls 2020"]
[Site "Parnu"]
[Date "2020.07.27"]
[Round "1.1"]
[White "Kiolbasa, Oliwia"]
[Black "Olde, Margareth"]
[Result "1-0"]
[WhiteElo "2160"]
[BlackElo "2201"]
[Annotator "TA"]
[PlyCount "81"]
[EventDate "2020.07.27"]
[EventType "tourn"]
[EventCountry "EST"]
[SourceTitle "playchess.com"]
[Source "ChessBase"]
[SourceQuality "1"]

{[%evp 21,81,22,38,12,16,22,41,34,50,35,44,38,54,54,93,103,113,85,118,120,294,300,693,689,673,662,1510,1508,1398,1506,1412,1500,1500,1446,1500,1497,1401,1389,29987,1022,1002,1006,899,922,859,795,1041,1029,1010,1009,1077,1035,1331,1304,1873,1806,1766,1589,5214,5197,6075,5437]} 1. e4 e5 2. Nf3 Nc6 3. Bb5 a6 4. Ba4 Nf6 5. O-O Be7 6. Re1 b5 7. Bb3 d6 8. c3 O-O 9. h3 Nb8 10. d4 Nbd7 11. c4 c6 12. Qc2 {C95: Closed Ruy Lopez: Breyer Variation with 10 d4.} Bb7 13. Nc3 exd4 14. Nxd4 {White is slightly better.} g6 {[#]} 15. Bh6 $146 ({Predecessor:} 15. a3 bxc4 16. Bxc4 d5 17. exd5 cxd5 18. Ba2 Re8 19. Bf4 Rc8 20. Rac1 a5 21. Qd1 {1-0 (43) Compagnone,G (2203)-Mauro,L (2243) ICCF email 2011}) 15... Re8 16. cxb5 axb5 17. a3 Nc5 {[#]} 18. Ba2 $1 Bf8 19. Bxf8 Kxf8 20. Rad1 Qb6 $2 (20... Qe7 $16) 21. Qd2 $18 Ncxe4 $2 (21... Qd8 22. Qf4 d5) 22. Qh6+ Kg8 23. Nxe4 Rxe4 {[#]} 24. Nf5 $1 {[%mdl 512]} gxf5 25. Qg5+ Kf8 26. Qxf6 {[%csl Ga2][%cal Rf6f7][%mdl 64] Double Attack} Qc7 27. f3 Re5 28. Rxe5 dxe5 29. Be6 Ke8 30. Rd7 (30. Qg7 $142 Qe7 31. Qh8+ Qf8 32. Bd7+ Kd8 33. Qxe5 Qc5+ 34. Qxc5 Kc7 35. Bxf5) 30... Qxd7 {White is clearly winning.} 31. Bxd7+ {[%mdl 64] Discovered Attack} Kxd7 32. Qxf7+ {[%mdl 4160] Endgame Double Attack. KQ-KRB} Kc8 33. Qxf5+ Kc7 34. Qxh7+ Kb6 35. Qe7 c5 36. Qxe5 Bc6 37. h4 Re8 38. Qf6 Kc7 39. h5 Kd7 40. h6 Re6 {[#]} 41. Qxe6+ $1 {[%mdl 576] Promotion. Black did not feel at home in the position after the opening. Accuracy: White = 87%, Black = 30%.} 1-0

[Event "Paul Keres Memorial-U20 Girls 2020"]
[Site "Parnu"]
[Date "2020.07.27"]
[Round "1.2"]
[White "Nazarova, Anastasia"]
[Black "Muetsch, Annmarie"]
[Result "1-0"]
[WhiteElo "2171"]
[BlackElo "2219"]
[Annotator "TA"]
[PlyCount "109"]
[EventDate "2020.07.27"]
[EventType "tourn"]
[EventCountry "EST"]
[SourceTitle "playchess.com"]
[Source "ChessBase"]
[SourceQuality "1"]

{[%evp 16,109,47,39,45,20,29,19,37,36,37,44,37,36,55,55,72,70,67,51,70,57,67,50,47,43,45,52,71,75,75,75,75,72,75,69,84,0,0,0,0,-20,77,74,84,73,69,54,91,0,0,0,0,0,0,8,8,0,23,17,19,0,0,0,3,0,6,-12,-12,-12,-12,-12,-12,-12,-12,-12,-12,-12,-12,-29977,-29978,-29981,-29982,-29981,-29982,-29979,-254,-254,-254,-253,-253,-245,29971,29972,29973,29973]} 1. e4 c5 2. Nf3 Nc6 3. d4 cxd4 4. Nxd4 e5 5. Nb5 d6 6. N1c3 a6 7. Na3 b5 8. Nd5 Nge7 9. c4 Nxd5 {B32: Sicilian: Löwenthal and Kalashnikov Variations.} 10. cxd5 Nd4 11. Bd3 g6 {The position is equal.} 12. O-O Bg7 13. Nc2 O-O 14. Be3 Kh8 15. f3 Bd7 16. Nxd4 exd4 17. Bf2 Qb6 18. Qd2 f5 {[#]} 19. Rad1 $146 ({Predecessor:} 19. exf5 Bxf5 20. Rfc1 Bd7 21. Re1 Rfe8 22. Be4 Rac8 23. Rad1 a5 24. h4 b4 25. h5 gxh5 {½-½ (64) Verrelli,S-Garnier,S (1881) ICCF email 2014}) 19... Rac8 20. Rfe1 f4 21. Bb1 {[%cal Rf2d4]} Be5 22. Bxd4 Bxd4+ 23. Qxd4+ Qxd4+ 24. Rxd4 Kg7 25. Kf2 Kf6 26. g3 (26. h4 $16) 26... Ke5 $1 $11 {[%cal Re5d4]} 27. Rdd1 g5 28. Rc1 fxg3+ (28... g4 $11 {remains equal.}) 29. hxg3 $16 Rxc1 30. Rxc1 $11 {[%mdl 4096] Endgame KRB-KRB} Bg4 31. Rc3 b4 32. Re3 ({Better is} 32. Rd3 $16) 32... h5 33. Bd3 a5 34. Bf1 h4 35. gxh4 gxh4 36. a3 Bh5 37. axb4 axb4 38. Rb3 Kf4 39. Bh3 Rb8 40. Be6 Rb7 41. Re3 {e5! is the strong threat.} Rc7 {Hoping for ...Rc2+.} 42. e5 $1 {[%cal Re5d6]} Rc2+ {[%mdl 64] [#] Double Attack} 43. Re2 Rxe2+ 44. Kxe2 Kxe5 {aiming for ...Kf4. KB-KB} 45. Ke3 Bg6 {Strongly threatening ...Bf5.} 46. f4+ Kf6 {White must now prevent ...Bf5.} 47. Kf3 $2 {[%mdl 8192]} (47. Bg4 $11) 47... Bf5 48. Bg8 Kg7 49. Be6 Bxe6 50. dxe6 {K3P-K3P} Kf6 $2 (50... d5 {mates} 51. f5 h3 52. Kg3 d4 53. e7 Kf7 54. Kf4 h2 55. Ke4 h1=Q+ 56. Kd3 Qd1+ 57. Kc4 d3 58. Kd5 Kxe7 59. b3 Qxb3+ 60. Kd4 d2 61. Kc5 d1=Q 62. f6+ Kd7 63. f7 Qd6+ 64. Kb5 Qc6+ 65. Ka5 Qba4#) 51. Kg4 Kxe6 {Threatens to win with ...d5.} 52. Kxh4 {[#]} Kf5 $1 {[%cal Rf5f4]} 53. Kg3 {And now Kf3 would win.} d5 $4 {[%mdl 8192]} (53... Ke4 $19 54. Kg4 d5) 54. Kf3 d4 55. b3 {Never resign too early! Accuracy: White = 86%, Black = 80%.} 1-0

[Event "Paul Keres Memorial-U20 Girls 2020"]
[Site "Parnu"]
[Date "2020.07.27"]
[Round "1.3"]
[White "Narva, Mai"]
[Black "Limanovska, Elizabete"]
[Result "1-0"]
[WhiteElo "2333"]
[BlackElo "2179"]
[Annotator "TA"]
[PlyCount "91"]
[EventDate "2020.07.27"]
[EventType "tourn"]
[EventCountry "EST"]
[SourceTitle "playchess.com"]
[Source "ChessBase"]
[SourceQuality "1"]

{[%evp 21,91,22,30,30,23,28,24,30,55,0,0,-13,107,99,96,73,73,78,91,84,84,80,103,105,110,122,257,258,245,225,304,295,314,270,255,266,279,267,272,268,312,291,292,292,304,235,220,153,210,198,207,213,222,215,236,229,377,370,375,370,370,342,370,372,371,371,679,587,675,627,1079,1055]} 1. e4 e5 2. Nf3 Nc6 3. Bb5 a6 4. Ba4 Nf6 5. O-O Be7 6. Re1 b5 7. Bb3 d6 8. c3 O-O 9. h3 Nb8 10. d4 Nbd7 11. Nbd2 {[%cal Bb1d2,Bd2f1,Bf1g3][%mdl 32]} c5 12. Nf1 {C95: Closed Ruy Lopez: Breyer Variation with 10 d4.} Re8 13. Ng3 Bf8 14. a4 {White has an edge.} Rb8 {[#] is currently scoring better than 14...Bb7.} 15. a5 $146 ({White should try} 15. Bc2 $14) ({Predecessor:} 15. Bc2 g6 16. Bg5 h6 17. Be3 Bg7 18. Qc1 Kh7 19. Rd1 Qc7 20. axb5 axb5 21. b4 cxd4 22. cxd4 {½-½ (108) Sasikiran,K (2673)-Kovalev,V (2661) Poikovsky 2019}) 15... Qc7 16. Bc2 b4 (16... cxd4 $11 {remains equal.} 17. cxd4 exd4) 17. d5 $16 c4 18. cxb4 Rxb4 19. Qd2 $36 {[%mdl 2048] White is really pushing.} Qb8 20. Ra4 Rxa4 21. Bxa4 Bb7 22. Qb4 Rc8 23. Be3 Nc5 {This move loses the game for Black.} (23... Qc7 $16 24. Rc1 g6) 24. Bxc5 $1 $18 ({Inferior is} 24. Qxc4 Ncxe4 25. Qe2 Nxg3 $19) 24... dxc5 25. Qxc4 g6 26. Re3 Ne8 27. Rb3 Nd6 28. Qc3 Qc7 29. Rb6 ({Not} 29. Qxe5 Qxa5 30. Bd7 Rc7 $14) ({Much less strong is} 29. Nxe5 $6 Bg7 $18) 29... f6 30. Nd2 Be7 31. Bc6 Bxc6 32. Rxc6 Qa7 33. Rxc8+ Nxc8 34. b4 Qc7 (34... Nd6 $16) 35. Qc4 {Black must now prevent d6+.} Nd6 36. Qxc5 Nb5 {[#]} 37. Qb6 $1 {[%cal Rb6a6]} Qxb6 38. axb6 {[%cal Ba5b6,Bb6b7][%mdl 32] Threatens to win with b7.} Bxb4 {[%mdl 4096] Endgame KBN-KNN} (38... Nd6 {might work better.} 39. Nb3 Bd8) 39. b7 Bd6 40. Nc4 Bc7 41. Nf1 Kf7 42. Nfd2 Ke7 43. Na5 Na7 $2 {[#]} (43... Nd4 44. Nf3 Kd6 45. Nxd4 exd4) 44. Ndb3 {White is clearly winning.} Kd6 45. Nc4+ Kd7 46. Nc5+ {[%mdl 64] Double Attack. Accuracy: White = 88%, Black = 49%.} 1-0

[Event "Paul Keres Memorial-U20 Girls 2020"]
[Site "Parnu"]
[Date "2020.07.27"]
[Round "1.4"]
[White "Olde, Grete"]
[Black "Nilssen, Ellen Fredericia"]
[Result "1/2-1/2"]
[WhiteElo "1968"]
[BlackElo "2071"]
[Annotator "TA"]
[PlyCount "41"]
[EventDate "2020.07.27"]
[EventType "tourn"]
[EventCountry "EST"]
[SourceTitle "playchess.com"]
[Source "ChessBase"]
[SourceQuality "1"]

{[%evp 14,41,0,0,18,17,56,42,31,29,30,35,48,54,53,56,52,52,62,13,48,9,10,10,9,9,14,0,0,0]} 1. e4 e6 2. d4 d5 3. exd5 exd5 4. Bd3 c5 5. dxc5 Bxc5 6. Nf3 Nf6 7. O-O O-O 8. Nc3 Bg4 {C01: French: Exchange Variation.} 9. Bg5 d4 {[#]} 10. Bxf6 $146 ({Predecessor:} 10. Ne4 Nbd7 11. Bxf6 gxf6 12. Nxc5 Nxc5 13. Be2 Re8 14. Re1 Re4 15. Qd2 Qd6 16. b4 {0-1 (25) Van Riemsdijk,F (1760)-Takeda,F (1713) Sao Paulo 2016}) 10... Qxf6 {White is slightly better.} 11. Ne4 {[%mdl 64] [#] Double Attack} Qb6 12. h3 Bh5 13. Nxc5 Qxc5 14. g4 {b4 is the strong threat.} Bg6 15. Bxg6 hxg6 16. Nxd4 Qb6 17. c3 Qxb2 {The position is equal.} 18. Qb3 Qxb3 19. axb3 Rc8 20. Nb5 Nc6 21. Rfe1 {Accuracy: White = 79%, Black = 82%.} 1/2-1/2

[Event "Paul Keres Memorial-U20 Girls 2020"]
[Site "Parnu"]
[Date "2020.07.27"]
[Round "1.5"]
[White "Tonso, Liina"]
[Black "Norlamo, Sarabella"]
[Result "1-0"]
[WhiteElo "1862"]
[BlackElo "2023"]
[Annotator "TA"]
[PlyCount "78"]
[EventDate "2020.07.27"]
[EventType "tourn"]
[EventCountry "EST"]
[SourceTitle "playchess.com"]
[Source "ChessBase"]
[SourceQuality "1"]

{[%evp 18,78,15,28,26,-4,6,-7,31,30,39,0,0,0,31,0,0,0,0,-12,0,0,0,0,0,0,8,0,0,0,0,0,0,0,33,-39,-32,-254,-240,-293,-310,-296,-253,-288,-276,-290,-284,-266,-281,-286,-277,-527,-247,-242,-217,-239,-169,-275,-269,-273,-212,-316,-291]} 1. d4 Nf6 2. c4 e6 3. Nf3 b6 4. a3 Bb7 5. Nc3 d5 6. cxd5 Nxd5 7. e3 Be7 8. Bb5+ c6 9. Bd3 Nd7 10. O-O O-O {E12: Queen's Indian: Unusual White 4th moves, 4 a3, 4 Nc3 Bb7 5 a3 and 4 Nc3 Bb7 .} 11. Ne4 {[#]} Qc7 $146 ({Predecessor:} 11... c5 12. dxc5 Nxc5 13. Nxc5 Bxc5 14. e4 Nf6 15. Qe2 e5 16. b4 Bd6 17. Rd1 Qe7 {0-1 (33) Sochacki,C (2427)-Barbot,P (2445) Paris 2015}) 12. Bd2 e5 {The position is equal.} 13. Ng3 exd4 14. Nxd4 Ne5 15. Be2 c5 16. Nb5 Qc6 17. e4 {[#] And now f4 would win.} Nf6 18. f3 Rfd8 19. Nf5 Bf8 20. Qc2 a6 21. Nc3 Rd7 22. Rad1 Rad8 23. Bf4 Ng6 24. Bg5 h6 $36 {[%mdl 2048] Black is more active.} 25. Be3 Qe6 26. Na4 (26. a4 $14) 26... Nxe4 $15 {[#]} 27. fxe4 $2 {White does not recover from this.} ({Better is} 27. Nxh6+ $1 $15 {[%mdl 512]} gxh6 28. Bc4) 27... Bxe4 $19 28. Nxh6+ gxh6 29. Qc1 Qc6 30. Rxd7 Rxd7 31. Nc3 Bxg2 32. Rf2 Nh4 {Threatens to win with ...Qg6.} 33. Bf4 {intending Bg3.} Bf3 34. Qe3 $2 (34. Qf1 {was called for.} Bxe2 35. Qxe2) 34... Qg6+ (34... Re7 $142 35. Qc1 Bg7) 35. Bg3 Bxe2 36. Qxe2 Rd4 37. Kh1 (37. Qxa6 $142 Nf5 38. Rg2 Nxg3 39. Rxg3) 37... Qc6+ 38. Kg1 Ng6 39. Qe3 (39. Qxa6 $142 Bg7 40. Qf1 (40. Qa7 $2 Rd7 $19)) 39... b5 {[%mdl 32768] Accuracy: White = 50%, Black = 74%. . Loss on time!?} 1-0

[Event "Paul Keres Memorial-U20 Girls 2020"]
[Site "Parnu"]
[Date "2020.07.30"]
[Round "2.1"]
[White "Olde, Margareth"]
[Black "Norlamo, Sarabella"]
[Result "1/2-1/2"]
[WhiteElo "2201"]
[BlackElo "2023"]
[Annotator "TA"]
[PlyCount "167"]
[EventDate "2020.07.27"]
[EventType "tourn"]
[EventCountry "EST"]
[SourceTitle "playchess.com"]
[Source "ChessBase"]
[SourceQuality "1"]

{[%evp 18,167,23,13,39,9,11,13,34,30,64,40,43,39,66,44,31,43,37,11,142,139,132,110,115,111,112,117,115,114,141,131,120,85,79,67,62,0,48,0,36,27,52,54,41,31,32,41,55,47,55,19,43,44,81,81,129,81,195,176,165,112,160,137,155,0,130,114,375,-193,-196,-197,-185,-189,-189,-196,-193,-299,-293,-347,-325,-339,-331,-332,-279,-575,-572,-553,-551,-671,-650,-619,-614,-722,-728,-631,-619,-687,-633,-1100,-1079,-12837,-1758,-1421,-881,-1239,-922,-5924,-806,-1178,-805,-789,-782,-1177,-1183,-1069,-1021,-2331,-2045,-12839,-12839,-12841,-12841,-12841,-12842,-12842,-12843,-12844,-12840,-12841,-12840,-12841,-12841,-12841,-12841,-12841,-12842,-12843,-12841,-12842,-12842,-12844,0,0,0,0,0,0,0,0,0,0]} 1. d4 Nf6 2. c4 e6 3. Nf3 b6 4. g3 Ba6 5. b3 Bb4+ 6. Bd2 Be7 7. Nc3 d5 8. cxd5 exd5 9. Bg2 O-O 10. O-O Ne4 {[#] E15: Queen's Indian: 4 g3 sidelines, 4 g3 Ba6 and 4 g3 Bb7 early deviations.} 11. Be1 $146 ({Predecessor:} 11. Rc1 Nxc3 12. Bxc3 Nd7 {½-½ (12) Drazic,S (2537)-Sedlak,N (2592) Milan 2011}) 11... Bb7 12. Ne5 f6 13. Nd3 Na6 14. a3 Qd7 15. b4 Rac8 16. Nf4 Nxc3 17. Bxc3 c6 18. e4 Nc7 (18... dxe4 $11 {remains equal.} 19. Qb3+ (19. Bxe4 Nc7 $11) 19... Kh8) 19. Bh3 $16 f5 20. Bxf5 Rxf5 21. exf5 Qxf5 22. Re1 Bd6 23. Qh5 Qf6 24. Nh3 Rf8 25. Ra2 Nb5 26. Ba1 ({Inferior is} 26. Ng5 h6 $17) 26... Bc8 27. Kg2 (27. f4 $14) 27... Bf5 (27... Nxa3 $5 28. Rxa3 Bxh3+ 29. Kxh3 Bxb4 $11 {[%mdl 64] Double Attack}) 28. Ng1 Bg6 29. Qe2 Be4+ 30. f3 Bf5 31. Qd2 Nc7 32. Qc3 Bd7 33. Rae2 h5 34. Kh1 h4 35. g4 Nb5 36. Qd3 Qh6 37. Bb2 Rf7 (37... Qf6 $16) 38. Bc1 $18 Qf6 39. Be3 (39. Re5 $18) 39... Re7 40. Qd2 Rf7 41. Qd3 $2 {[#]} (41. a4 $16 Nc7 42. Rf2) 41... g5 (41... Re7 $1 $11 {keeps the balance.}) 42. Rf2 Bg3 $2 {[%mdl 8192]} (42... Rg7 $16) 43. Nh3 $4 {[%mdl 8192]} (43. hxg3 $18 {was the only winning move.} hxg3 44. Rfe2) 43... Bxf2 $19 44. Bxf2 Qxf3+ 45. Qxf3 Rxf3 46. Kg2 Bxg4 47. Nxg5 (47. Re5 $142 Rxh3 48. Rxg5+ Kf7 49. Rxg4 Rxa3 50. Bxh4) 47... h3+ ({Resist} 47... Rxa3 48. h3 $19) 48. Kg1 Rxa3 49. Be3 Rb3 50. Kf2 Bf5 51. Kg3 $2 (51. Rc1) 51... Nxd4 {White must now prevent ...Nc2.} 52. Kf4 Nc2 {[%mdl 64] [#] Double Attack} 53. Rg1 Rxb4+ 54. Kxf5 {Ne6+ is the strong threat.} Nxe3+ {[%mdl 4096] Endgame KRN-KRN} 55. Kg6 Rg4 56. Ra1 a5 57. Rb1 b5 58. Re1 d4 59. Rc1 Nc4 60. Re1 Kf8 61. Kf6 Ne3 62. Rc1 Nd5+ 63. Kg6 Ne7+ 64. Kh5 Rg2 65. Nxh3 Rxh2 66. Kg4 d3 67. Nf4 d2 68. Rd1 Nd5 69. Nxd5 cxd5 {KR-KR} 70. Kg3 Re2 71. Kf3 Re6 72. Rxd2 Rd6 73. Ke3 Ke7 74. Kd4 Rc6 75. Rh2 Kd6 76. Rh6+ Kc7 77. Rh8 Rd6 78. Kc5 b4 79. Ra8 Kb7 $2 (79... Rc6+ $19 80. Kb5 b3 81. Ra7+ Kd6) 80. Rxa5 $11 {The position is equal.} Rd8 81. Rb5+ Kc7 82. Rxb4 d4 83. Rxd4 Rxd4 84. Kxd4 {Accuracy: White = 65%, Black = 63%.} 1/2-1/2

[Event "Paul Keres Memorial-U20 Girls 2020"]
[Site "Parnu"]
[Date "2020.07.30"]
[Round "2.2"]
[White "Nilssen, Ellen Fredericia"]
[Black "Tonso, Liina"]
[Result "1-0"]
[WhiteElo "2071"]
[BlackElo "1862"]
[Annotator "TA"]
[PlyCount "87"]
[EventDate "2020.07.27"]
[EventType "tourn"]
[EventCountry "EST"]
[SourceTitle "playchess.com"]
[Source "ChessBase"]
[SourceQuality "1"]

{[%evp 12,87,37,18,34,37,42,8,14,14,47,37,31,44,106,112,128,127,247,155,152,159,181,157,180,143,144,143,141,142,133,128,133,134,111,111,125,124,182,150,216,210,282,299,403,401,378,354,456,453,436,422,353,0,0,0,531,527,536,531,531,519,1455,1201,29965,29957,29938,3860,1588,1347,29966,29967,29968,29968,6211,1362,29988,354]} 1. d4 d5 2. c4 c6 3. Nc3 Nf6 4. Nf3 a6 5. c5 Bf5 6. Bf4 Nbd7 7. h3 e6 {D15: Slav Defence: 4 Nc3 a6 and gambit lines after 4 Nc3 dxc4.} 8. e3 h6 9. Bd3 (9. b4 {is interesting.} Be7 10. Be2 O-O 11. O-O Re8 12. a4) 9... Bxd3 {The position is equal.} 10. Qxd3 Be7 11. O-O O-O 12. b4 b5 (12... Re8 $14) 13. a4 $16 {[#]} Nh5 $146 ({Predecessor:} 13... Qc8 14. Ra3 Qb7 15. Rfa1 Rfc8 16. Qb1 bxa4 17. Rxa4 Ne8 18. Qd3 Nc7 19. Bxc7 Rxc7 {1-0 (35) Rojicek,V (2354)-Chladek,V (2157) Ceska Trebova 2007}) 14. Bh2 f5 (14... Qc8 $16 15. Rfb1 (15. axb5 axb5 16. Qe2 Qb7 $14) 15... Nhf6) 15. Ra2 ({Don't play} 15. axb5 $6 axb5 16. Ne2 g5 $16) 15... Qc8 16. Rfa1 {[%cal Ra4b5]} Qb7 17. Ne2 g5 18. axb5 axb5 19. Rxa8 Rxa8 20. Rxa8+ Qxa8 {[#]} 21. g4 $1 {[%cal Rg4h5]} Ng7 {[#]} 22. Be5 $1 Nf6 23. Ng3 {[%cal Rg4f5]} Qc8 24. Kg2 Ne4 (24... Kf7 $16 {was called for.}) 25. Bxg7 Kxg7 (25... Nxg3 $16 26. Qa3 (26. Kxg3 Kxg7 27. Qa3 Bd8 $11) (26. Bxh6 Ne4 $16) 26... Qb7) 26. Nh5+ Kg8 27. Qa3 Nf6 28. Qa7 Qe8 29. Ne5 fxg4 30. hxg4 Nxg4 31. Nxg4 Qxh5 32. Nxh6+ $2 (32. f3 $18 Kf8 33. Qb8+ Qe8 34. Qe5) 32... Qxh6 $11 33. Qxe7 $18 {[%mdl 4096] Endgame Black must now prevent Qe8+. KQ-KQ} g4 $2 {[%mdl 8192]} (33... Qg6 $1 $11) 34. Qe8+ {[%mdl 64] Double Attack} Kg7 35. Qxc6 Qg6 {intending ...Qe4+.} 36. Qc7+ Kg8 (36... Kf8 $142 37. Kg3 Qh5) 37. Qe5 Qe8 38. Qg5+ Kh7 39. Qh4+ (39. Kg3 $142 Qf7 40. Kxg4 Qd7 41. f4 Kh8 42. f5 exf5+ 43. Qxf5 Qg7+ 44. Kf4) 39... Kg7 40. Qxg4+ Kh7 41. Kh3 Kh6 42. f4 Qd7 43. Kh4 Qf7 44. Qg5+ $2 {Accuracy: White = 81%, Black = 46%.} (44. c6 {mates} e5 45. dxe5 d4 46. exd4 Qc4 47. Qg5+ Kh7 48. Qe7+ Kh6 49. c7) 1-0

[Event "Paul Keres Memorial-U20 Girls 2020"]
[Site "Parnu"]
[Date "2020.07.30"]
[Round "2.3"]
[White "Limanovska, Elizabete"]
[Black "Olde, Grete"]
[Result "1-0"]
[WhiteElo "2179"]
[BlackElo "1968"]
[Annotator "TA"]
[PlyCount "91"]
[EventDate "2020.07.27"]
[EventType "tourn"]
[EventCountry "EST"]
[SourceTitle "playchess.com"]
[Source "ChessBase"]
[SourceQuality "1"]

{[%evp 22,91,32,20,92,84,92,84,89,75,81,31,96,94,99,48,43,52,215,212,261,269,337,327,313,301,293,281,314,285,319,287,372,349,589,550,781,764,731,545,1142,1150,1060,822,705,557,764,747,29980,29981,29966,1498,2896,620,871,0,879,1259,2727,1258,1222,1227,1111,2895,29971,29972,29970,29971,29971,29971,6216,6216]} 1. e4 e5 2. Nf3 Nc6 3. Bb5 a6 4. Ba4 Nf6 5. O-O Be7 6. Re1 b5 7. Bb3 d6 8. c3 O-O 9. h3 Na5 10. Bc2 c5 11. d4 Nd7 12. d5 c4 {C96: Closed Ruy Lopez: Chigorin Defence: 11 d4, replies other than 11...Qc7.} (12... Nb6 $11) 13. b4 $16 cxb3 14. axb3 Nb7 {White is better.} 15. b4 Nb6 16. Nbd2 {[%cal Bb1d2,Bd2e4,Be4g3,Bg3f5][%mdl 32] [#]} f5 $146 (16... Qc7 $14) ({Predecessor:} 16... Bd7 17. Nf1 Qc8 18. Be3 Nc4 19. Bc1 f5 20. exf5 Bxf5 21. Bxf5 Qxf5 22. Ne3 Nxe3 23. Bxe3 {0-1 (66) Aketayeva,D (2254)-Ziatdinov,R (2425) Voronezh 2009}) 17. exf5 Bxf5 18. Bb3 (18. Bxf5 $16 Rxf5 19. Ne4) 18... Kh8 19. Ne4 Rc8 $2 {White now steadily converts the win.} ({Black should try} 19... Qd7 $14) 20. Rxa6 $18 Nd7 {and if ...Bxe4 works, Black does fine.} 21. Ng3 Rxc3 22. Nxf5 Rxf5 23. Rc6 Rcxf3 24. gxf3 {aiming for Qd3.} Rh5 25. Qc2 {Black must now prevent Rc8.} Qe8 26. Kh2 Qf7 27. Qd3 e4 $2 (27... Nd8 28. Rc7 Nf8) 28. Rxe4 Ne5 {[#]} 29. Rxe5 $1 Rxe5 (29... dxe5 30. d6) 30. f4 Re1 {intending ...Rxc1.} 31. Bd2 Ra1 32. Rc8+ Nd8 33. Bc2 {[%csl Gc2][%cal Rd3h7]} Qh5 34. Bc3 Ra7 {[#]} 35. Qd4 $1 {[%csl Gc3][%cal Rd4g7][%mdl 64] Double Attack} Qf7 36. Qe4 (36. Qxa7 $142 Kg8 37. Qe3 Kf8 38. Rc7 g5 39. f5 g4 40. f6 Bxf6 41. Rxf7+ Kxf7 42. Qa7+ Be7 43. Bxh7) 36... Qg8 37. Bd1 (37. Bd4 $142 Rd7 38. Qf5) 37... Qf8 38. Bc2 $40 {[%csl Gc2][%cal Re4h7][%mdl 128] White mounts an attack.} Qg8 39. Bd4 Rb7 {[#]} 40. Qf5 (40. Bb6 $142 $1 {[%mdl 512]} Rd7 (40... Rxb6 41. Qxe7) 41. Qf5) 40... Bh4 {[#]} 41. Qh5 $1 Be7 42. Bd3 (42. Bf5 $142 Bf6 43. Bxf6 {[%mdl 64] Overworked Piece} gxf6 {[#]} 44. Qh6 $1 {[%mdl 512]}) 42... Rd7 {[#]} 43. Bxh7 $1 {[%mdl 576] Deflection} Qxh7 44. Qe8+ {[%mdl 64] Double Attack} Qg8 45. Qxd7 Qf8 46. f5 {Accuracy: White = 68%, Black = 23%.} 1-0

[Event "Paul Keres Memorial-U20 Girls 2020"]
[Site "Parnu"]
[Date "2020.07.30"]
[Round "2.4"]
[White "Muetsch, Annmarie"]
[Black "Narva, Mai"]
[Result "1-0"]
[WhiteElo "2219"]
[BlackElo "2333"]
[Annotator "TA"]
[PlyCount "89"]
[EventDate "2020.07.27"]
[EventType "tourn"]
[EventCountry "EST"]
[SourceTitle "playchess.com"]
[Source "ChessBase"]
[SourceQuality "1"]

{[%evp 11,89,16,25,-17,-12,-22,-25,-27,-16,-41,-55,-33,-32,-57,-64,-74,-68,-64,-52,-56,-32,-44,-25,-39,-50,-55,-47,-53,-54,-51,-43,-102,-81,-79,-87,-140,-127,-135,-119,-315,-87,-103,-93,-100,-50,-114,-81,-96,-70,-84,-80,-287,-270,-256,-251,-270,-235,-304,-308,-404,-415,-363,0,-325,-264,-357,-352,-367,-374,-385,-383,-386,-339,-354,-361,-466,-457,-444,545,545]} 1. e4 c5 2. Nc3 e6 3. g3 Nc6 4. Bg2 Nf6 5. Nge2 Be7 6. O-O O-O 7. Nf4 {B24: Closed Sicilian: 3 g3 sidelines.} Rb8 8. Re1 {[#]} d6 $146 ({Predecessor:} 8... b5 9. d3 b4 10. Na4 d6 11. a3 a5 12. axb4 axb4 13. h3 Bd7 14. g4 e5 {1-0 (40) Bilalic,M (2270)-Wohlfahrt,R (2181) Wuerttemberg 2010}) 9. a3 {Black has an edge.} b5 10. b4 Qc7 11. Rb1 a6 12. bxc5 dxc5 13. d3 Bb7 14. Bb2 Bd6 15. Nfe2 b4 16. axb4 cxb4 17. Na4 e5 18. Bc1 Bc8 19. h3 Be6 $36 {[%mdl 2048] Black is more active.} 20. Be3 Rfc8 21. Nc5 (21. Rf1 $15) 21... Bxc5 $1 $17 22. Bxc5 a5 {[%cal Ba6a5,Ba5a4][%mdl 32]} 23. Rc1 (23. Be3 $142) 23... a4 24. Qd2 Rb5 25. d4 $2 (25. Be3 $17) 25... exd4 $2 (25... Rd8 $19 {is more deadly.} 26. Qe3 Nd7) 26. Bxd4 Rd8 27. Qe3 Ne5 28. Qf4 ({White should play} 28. f4 $15 Nc4 29. Qf2) 28... Nh5 29. Qe3 a3 30. f4 Nc6 {Strongly threatening ...Nxg3!} 31. Bf3 $2 {[#]} (31. Rcd1 $17 {was called for.}) 31... Nxg3 $1 $19 {[%mdl 512]} 32. Ba1 {[#]} (32. Nxg3 Nxd4) 32... Nxe2+ $1 33. Bxe2 Rbb8 34. Qg3 {[%csl Ga1][%cal Rg3g7]} Nd4 35. Kh1 f6 36. Bd3 Qf7 $2 (36... Bc4 $19 {Hoping for ...Bxd3.} 37. Bxc4+ Qxc4) 37. Qe3 $2 {[%mdl 8192]} (37. f5 $11) 37... Nb5 38. Bxb5 Rxb5 39. Rcd1 Re8 {aiming for ...Rh5.} 40. Qg3 b3 41. cxb3 Rxb3 42. Rd3 Reb8 43. f5 Bc4 44. Rc3 Rxc3 $4 {[%mdl 8192]} (44... a2 $19 {and life is good for Black. Threatens to win with ...Rb1.} 45. Rec1 Qd7) 45. Qxb8+ {White used his chance. Accuracy: White = 50%, Black = 78%.} 1-0